Artificial intelligence / (Record no. 705)

MARC details
000 -LEADER
fixed length control field 00925nac a22002411u 4500
010 ## - LIBRARY OF CONGRESS CONTROL NUMBER
LC control number 90020608
020 ## - INTERNATIONAL STANDARD BOOK NUMBER
International Standard Book Number 0070522634 :
020 ## - INTERNATIONAL STANDARD BOOK NUMBER
International Standard Book Number 0074600818
082 00 - DEWEY DECIMAL CLASSIFICATION NUMBER
Classification number 006.3
Item number R498
090 ## - LOCALLY ASSIGNED LC-TYPE CALL NUMBER (OCLC); LOCAL CALL NUMBER (OCLC)
-- 705
-- 705
100 ## - MAIN ENTRY--PERSONAL NAME
Personal name Rich, Elaine.
245 10 - TITLE STATEMENT
Title Artificial intelligence /
Statement of responsibility, etc Elaine Rich, Kevin Knight.
250 ## - EDITION STATEMENT
Edition statement 2nd ed.
260 ## - PUBLICATION, DISTRIBUTION, ETC. (IMPRINT)
Place of publication, distribution, etc New Delhi :
Name of publisher, distributor, etc McGraw-Hill,
Date of publication, distribution, etc c2004.
300 ## - PHYSICAL DESCRIPTION
Extent xvii, 621 p. :
Other physical details ill. ;
Dimensions 25 cm.
504 ## - BIBLIOGRAPHY, ETC. NOTE
Bibliography, etc Includes bibliographical references (p. 583-603) and indexes.
650 #0 - SUBJECT ADDED ENTRY--TOPICAL TERM
Topical term or geographic name as entry element Artificial intelligence.
700 1# - ADDED ENTRY--PERSONAL NAME
Personal name Knight, Kevin.
856 42 - ELECTRONIC LOCATION AND ACCESS
Materials specified Publisher description
Uniform Resource Identifier <a href="http://www.loc.gov/catdir/description/mh022/90020608.html">http://www.loc.gov/catdir/description/mh022/90020608.html</a>
856 42 - ELECTRONIC LOCATION AND ACCESS
Materials specified Table of contents
Uniform Resource Identifier <a href="http://www.loc.gov/catdir/toc/mh021/90020608.html">http://www.loc.gov/catdir/toc/mh021/90020608.html</a>
942 ## - ADDED ENTRY ELEMENTS (KOHA)
Item type Book - Borrowing
Call number prefix 006.3R498
Holdings
Withdrawn status Item status Damaged status Not for loan Home library Current library Shelving location Date acquired Source of acquisition Total Checkouts Full call number Barcode Date last seen Date last borrowed Koha item type
        Central Library Central Library Lower Floor 25/07/2006 Purchase 3 006.3 RIC 000003897 15/07/2025 19/06/2017 Book - Borrowing